000 00179nam a2200085 4500
001 1232359
005 20250922122443.0
245 _aBALKANLAR
_cMEFAİL HIZLI
260 _bKÜLTÜR A.Ş
999 _c1232359
_d1232359